| 000 | 00528nam a22001817a 4500 | ||
|---|---|---|---|
| 003 | 0 | ||
| 005 | 20240109121704.0 | ||
| 008 | 240109b xxu||||| |||| 00| 0 eng d | ||
| 020 | _a978-621-406-299-7 | ||
| 050 |
_aU 660 _b.P86 2023 |
||
| 100 | _aPunzalan, Michelle D. | ||
| 245 |
_aNSTP 1 _cMichelle D. Punzalan |
||
| 260 |
_aManila _bMindshapers Co., Inc. _cc2023. |
||
| 300 |
_a134 pages ; _c26 cm. |
||
| 504 | _aIncludes bibliographical references. | ||
| 650 | _aNational service--study and teaching. | ||
| 942 |
_2lcc _cBK |
||
| 999 |
_c365826 _d365826 |
||